🎶Paroles "Philomène" Anne Sylvestre - Statistiques

Statistiques générales
  • Ce quiz a Ă©tĂ© pris 3 fois
  • Le rĂ©sultat moyen est 83 sur 186
Statistiques - réponses
Mots % Correct
a
100%
Ă€
100%
C'
100%
l'
100%
la
100%
La
100%
lĂ -
100%
le
100%
Les
100%
les
100%
Lisette
100%
Philomène
100%
ai
67%
appel,
67%
au
67%
bas
67%
Ce
67%
coins
67%
dans
67%
Dans
67%
de
67%
De
67%
Des
67%
Dit :
67%
du
67%
En
67%
en
67%
Et
67%
était
67%
j'
67%
Jeannette
67%
Mais
67%
"Moi
67%
N'
67%
Ne
67%
nuit
67%
Nuit
67%
On
67%
on
67%
pas
67%
pour
67%
qui
67%
S'
67%
s'
67%
sa
67%
se
67%
Ses
67%
Son
67%
son
67%
tous
67%
Tous
67%
tout
67%
Tu
67%
Un
67%
un
67%
une
67%
aller
33%
bois,
33%
Bon
33%
bruit.
33%
cherché
33%
garçons
33%
loin
33%
lune,
33%
matin
33%
mère,
33%
peu
33%
peut
33%
plus
33%
point
33%
sans
33%
su
33%
vu
33%
alarme
0%
amant
0%
apĂ´tre
0%
as
0%
Aucun
0%
autre
0%
balai!
0%
battu
0%
bourg
0%
celui
0%
Celui
0%
cœur
0%
colchique
0%
colère
0%
compter
0%
conter
0%
dénicher
0%
dernier
0%
donné
0%
endroit
0%
ensorcelé
0%
envolait
0%
envoler
0%
Fleur
0%
fois
0%
galants
0%
gendarmes
0%
loufoque,
0%
lui
0%
magique
0%
mène
0%
mois
0%
moque,
0%
Ont
0%
ont
0%
Pousse
0%
pré
0%
prochaine
0%
promène
0%
sabbat"
0%
saurait
0%
semaine
0%
sirène
0%
sont
0%
tambour
0%
traîne
0%
trouvé
0%
vieille
0%
Vieille
0%
vue,
0%
Aucun quiz correspondant
Distribution des résultats
% des personnes avec chaque résultat
Percentile par nombre de réponses
Votre historique - résultats
Vous n’avez pas pris ce quiz